Minecraft Rods - Statistics

General Stats
  • This quiz has been taken 277 times
    222 since last reset
  • The average score is 3 of 5
Answer Stats
Color Answer % Correct
Yellow/Orange Blaze Rod
80%
Brown Fishing Rod
72%
White End Rod
71%
White Breeze Rod
49%
Orange Lightning Rod
45%
No matching quizzes found
Score Distribution
Percent of People with Each Score
Percentile by Number Answered
Your Score History
You have not taken this quiz since the last reset